Demian: historia de la juventud de Emil Sinclair

Saved in:
Bibliographic Details
Main Author: Hesse, Hermann (autor)
Format: Book
Language:Spanish
Published: Santiago Centro Gráfico 1990
Series:Premio Nobel
Subjects:
Tags: Add Tag
No Tags, Be the first to tag this record!

MARC

LEADER 00000nam a2200000 a 4500
001 UCH4348
003 CL-VaPUC
008 090818e19900000CL |||||||||||||||||spa|d
082 0 4 |a 833  |b HES  |2 21 
100 |a Hesse, Hermann  |e autor  |9 546760 
245 1 0 |a Demian: historia de la juventud de Emil Sinclair 
300 |a 147 p 
942 |c BK 
945 |d 20090818 00:00:00  |a lazolas 
260 |a Santiago  |b Centro Gráfico  |c 1990 
650 0 |a Novelas alemanas   |9 265783 
583 |a last modification  |c 20090818 00:00:00  |k Rodrigo Vera 
490 0 |a Premio Nobel 
999 |c 335673  |d 335671